Una geografía del mundo para pensar /
Guardado en:
| Autor Principal: | |
|---|---|
| Otros Autores: | , , , |
| Formato: | Libro |
| Publicado: |
Buenos Aires :
Kapelusz,
2011
|
| Series: | Sociedades y territorios
|
| Materias: | |
| Etiquetas: |
Agregar Etiqueta
Sin Etiquetas, Sea el primero en etiquetar este registro!
|
| LEADER | 01443nam a22002775a 4500 | ||
|---|---|---|---|
| 001 | CEM.cems018085 | ||
| 005 | 20161102111814.0 | ||
| 008 | 130507s2011##################000#0#####d | ||
| 003 | CEMS | ||
| 020 | |a 9789501303483 | ||
| 082 | 0 | 4 | |a 330.9 |
| 100 | 1 | |a Dalterio, Laura | |
| 245 | 1 | 0 | |a Una geografía del mundo para pensar / |c Laura Dalterio ... [et Al.] |
| 260 | |a Buenos Aires : |b Kapelusz, |c 2011 | ||
| 300 | |a 280 p. | ||
| 490 | 0 | |a Sociedades y territorios | |
| 505 | 0 | |a Introducción política y económica -- La geografía una forma del mirar el mundo -- La organización política de los espacios -- El proceso de globalización -- Bases naturales y recursos -- Las bases naturales del planeta -- El uso de los recursos naturales en el mundo contemporáneo -- Los problemas ambientales -- Población y calidad -- La población mundial -- Las estadísticas de población -- La movilidad de la población -- Los espacios urbanos y rurales -- Los espacios rurales en el mundo -- Las unidades continentales -- Asia, el continente más grande del mundo -- América, nuestro continente -- Europa, el viejo continente -- Las islas de Oceanía -- | |
| 653 | |a Geografía del mundo | ||
| 653 | |a Europa | ||
| 653 | |a Asia | ||
| 653 | |a Africa | ||
| 700 | 1 | |a López, Laura Estela | |
| 700 | 1 | |a Rodríguez Freiman, Diego | |
| 700 | 1 | |a Sposob, Gustavo | |
| 700 | 1 | |a Valverde, Santiago | |
| 859 | |a CEMS |b BIB. CEMS - Agricultura |h 330.9 |i D17 |p A1923.13 |t Ej.1 | ||
